000 00381nam a2200133Ia 4500
005 20260328104310.0
008 260328s9999||||xx |||||||||||||| ||und||
100 _aWinkler, Robert
245 0 _aDas Haus des Architekten - Architects' Homes - La Maison de l´Architecte /
_cRobert Winkler
260 _bZurich
300 _a216 p.
650 _aVIVIENDA DE EMERGENCIA
942 _cBK
999 _c10937
_d10937